| 000 | 00666nam a2200241 i 4500 | ||
|---|---|---|---|
| 003 | DO-SdBNP | ||
| 005 | 20241010094933.0 | ||
| 007 | ta | ||
| 008 | 240410s2018 dr 000 p spa d | ||
| 020 | _a9781387886838 | ||
| 040 |
_aDO-SdBNP _bspa _cBNPHU _erda |
||
| 082 |
_bV422r _222 |
||
| 245 | 1 | 3 |
_aLa reacción Phillips / _cMáximo Vega |
| 264 |
_aSanto Domingo : _bMediaisla Editores, _c2018 |
||
| 300 |
_a86 páginas _c21 cm. |
||
| 336 |
_2rdacontent _atexto _btxt |
||
| 337 |
_2rdamedia _asin mediación _bn |
||
| 338 |
_2rdacarrier _avolumen _bnc |
||
| 490 |
_aAndar de ciegos ; _v16 |
||
| 590 | _aInventariado, 2024 / DG | ||
| 910 | _aDG | ||
| 942 |
_2ddc _cLBS1 |
||
| 999 |
_c57807 _d57807 |
||